Serbian License Plate Area Codes - Statistics

General Stats
  • This quiz has been taken 103 times
    29 since last reset
  • The average score is 42 of 73
Answer Stats
Hint Answer % Correct
BG Beograd
100%
NI Niš
95%
KG Kragujevac
90%
NS Novi Sad
90%
VR Vranje
86%
ZR Zrenjanin
86%
ČA Čačak
81%
JA Jagodina
81%
KV Kraljevo
81%
LE Leskovac
81%
NP Novi Pazar
81%
GM Gornji Milanovac
76%
Kruševac
76%
ĆU Ćuprija
71%
LO Loznica
71%
ŠA Šabac
71%
ŠI Šid
71%
SU Subotica
71%
UB Ub
71%
Vršac
71%
ZA Zaječar
71%
AL Aleksinac
67%
BO Bor
67%
NG Negotin
67%
PI Pirot
67%
PO Požarevac
67%
Požega
67%
VA Valjevo
67%
VP Velika Plana
67%
BT Bačka Topola
62%
BB Bajina Bašta
62%
DE Despotovac
62%
KI Kikinda
62%
NV Nova Varoš
62%
PA Pančevo
62%
SD Smederevo
62%
AR Aranđelovac
57%
IN Inđija
57%
Knjaževac
57%
LB Lebane
57%
PB Priboj
57%
RU Ruma
57%
UE Užice
57%
VL Vlasotince
57%
BP Bačka Palanka
52%
Bečej
52%
IC Ivanjica
52%
KL Kladovo
52%
SO Sombor
52%
LU Lučani
48%
PK Prokuplje
48%
SM Sremska Mitrovica
48%
VS Vrbas
48%
VB Vrnjačka Banja
48%
BU Bujanovac
43%
PP Prijepolje
43%
RA Raška
43%
TO Topola
43%
AC Aleksandrovac
38%
PN Paraćin
38%
SV Svilajnac
38%
TT Tutin
38%
Bogatić
33%
KA Kanjiža
33%
SJ Sjenica
33%
SA Senta
29%
SP Smederevska Palanka
29%
TS Trstenik
29%
KC Koceljeva
24%
KO Kovin
24%
ST Stara Pazova
24%
SC Surdulica
24%
PT Petrovac
19%
No matching quizzes found
Score Distribution
Percent of People with Each Score
Percentile by Number Answered
Your Score History
You have not taken this quiz since the last reset